|
|
|
|
| LEADER |
01756nam a2200397 i 4500 |
| 001 |
EBC5389466 |
| 003 |
MiAaPQ |
| 005 |
20200520144314.0 |
| 006 |
m o d | |
| 007 |
cr cnu|||||||| |
| 008 |
180703s1998 fluab ob 001 0 eng d |
| 020 |
|
|
|z 9780849326264
|
| 020 |
|
|
|a 9781351431453 (e-book)
|
| 035 |
|
|
|a (MiAaPQ)EBC5389466
|
| 035 |
|
|
|a (Au-PeEL)EBL5389466
|
| 035 |
|
|
|a (CaPaEBR)ebr11577739
|
| 035 |
|
|
|a (OCoLC)1041880700
|
| 040 |
|
|
|a MiAaPQ
|b eng
|e rda
|e pn
|c MiAaPQ
|d MiAaPQ
|
| 050 |
|
4 |
|a QH90.57.B5
|b .M537 1998
|
| 082 |
0 |
|
|a 628.1/61
|2 21
|
| 245 |
0 |
0 |
|a Microscale testing in aquatic toxicology :
|b advances, techniques, and practice /
|c edited by Peter G. Wells [and three others].
|
| 264 |
|
1 |
|a Boca Raton ;
|a London ;
|a New York :
|b CRC Press, Taylor & Francis Group,
|c [1998]
|
| 264 |
|
4 |
|c 1998
|
| 300 |
|
|
|a 1 online resource (679 pages) :
|b illustrations, maps
|
| 336 |
|
|
|a text
|b txt
|2 rdacontent
|
| 337 |
|
|
|a computer
|b c
|2 rdamedia
|
| 338 |
|
|
|a online resource
|b cr
|2 rdacarrier
|
| 504 |
|
|
|a Includes bibliographical references and index.
|
| 588 |
|
|
|a Description based on print version record.
|
| 590 |
|
|
|a Electronic reproduction. Ann Arbor, MI : ProQuest, 2018. Available via World Wide Web. Access may be limited to ProQuest affiliated libraries.
|
| 650 |
|
0 |
|a Water quality bioassay.
|
| 655 |
|
4 |
|a Electronic books.
|
| 700 |
1 |
|
|a Wells, P. G.,
|e editor.
|
| 776 |
0 |
8 |
|i Print version:
|t Microscale testing in aquatic toxicology : advances, techniques, and practice.
|d Boca Raton ; London ; New York : CRC Press, Taylor & Francis Group, c1998
|h 679 pages
|z 9780849326264
|w (DLC) 97018407
|
| 797 |
2 |
|
|a ProQuest (Firm)
|
| 856 |
4 |
0 |
|u https://ebookcentral.proquest.com/lib/matrademy/detail.action?docID=5389466
|z Click to View
|